แสดงรายละเอียดบรรณานุกรม
  กลับหน้าหลัก

Brief Record : Get Marc (ISO 2709) : E-mail record : QR code ปิดหน้าต่าง
LEADER 00000nam 2200000uu 4500
001    209955
003     ULIBM
008    140612s2555||||th 000 0 tha d
020    ^a9789742259549
041 0  ^atha
060  4 ^aWA540.JT3 ข226ก 2555
100 0  ^aขนิษฐา นันทบุตร และคณะ
245 00 ^aกรอบกระบวนการวิจัยชุมชนสู่ตำบลสุขภาวะ/^bขนิษฐา นันทบุตร และคณะ.
250    ^aพิมพ์ครั้งที่ 3
260    ^aขอนแก่น : ^bคณะพยาบาลศาสตร์ มหาวิทยาลัยขอนแก่น,^c2555.
300    ^a172 หน้า ;^bภาพประกอบ.
650  4 ^aกระบวนการวิจัยชุมชน
700 0  ^aขนิษฐา นันทบุตร
710 2  ^aมหาวิทยาลัยขอนแก่น. คณะพยาบาลศาสตร์
999    ^aใช้งานได้ทุกระบบ
รายการนี้ยังไม่มีแท็ก
คุณยังไม่ได้ล็อกอิน คุณสามารถมีกิจกรรมร่วมกับเว็บไซต์ได้ แต่ต้องล็อกอินก่อน ::
  ล็อกอิน
ลำดับที่ ประเภท เลขเรียก สถานที่ สถานะ
1. หนังสือทั่วไป
หนังสือทั่วไป
สถานะ=หนังสือเก่า - บริการ ณ ห้องสมุด (ห้องเหลือง)
WA540.JT3 ข226ก 2555  
  
ห้องสมุด หอพักนักศึกษา (ห้องเหลือง) On Shelf
  ขอยืม
   [แสดง 1/1 รายการ]

BibComment


ยังไม่เคยถูกคอมเมนท์

คอมเมนท์ทรัพยากรรายการนี้
  คอมเมนท์: กรอบกระบวนการวิจ..
Bib 209955

 
 
 

 Union Library Management : ULibM
Copyright 2026. All Rights Reserved.
скачать бесплатно без регистрации порно красивый секс HD Sex Hindi sex

xxx gou

xxxx

bfxxx

xxxwww

Секса Видео

xxxx

Секса Видео

detube

geilexxx

C99 Shell

worms shell

blod xxx video
Ebony Coed Rihanna Rimes Takes A Dick In Her Young Twat priyaa indian fuck anal and pusssy hardcore indian women xxx desi hardcore fucking part 1 bengalixxxcouple